Coconut Producing Countries Quiz Stats

Quiz Updated Nov 9, 2016

Challenge
Share
Tweet
Embed
Score 0/20 Timer 05:00
3 Plays Today
Rank Country % Correct
4.Brazil
85.4%
3.India
79.9%
7.Mexico
79%
15.China
78.4%
1.Indonesia
75.9%
6.Thailand
69.3%
8.Vietnam
68.6%
9.Malaysia
62.8%
2.Philippines
61.1%
20.Jamaica
55%
Rank Country % Correct
5.Sri Lanka
52.1%
12.Myanmar
47.6%
19.Dominican Republic
40.9%
10.Papua New Guinea
40.9%
14.Ghana
25.4%
11.Tanzania
25.3%
18.Côte d'Ivoire
22.2%
17.Mozambique
22.1%
16.Solomon Islands
15.7%
13.Vanuatu
14.7%

You're not logged in!

Compare scores with friends on all Sporcle quizzes.
Sign Up with Email
OR
Log In

You Might Also Like...

Show Comments

Extras

Top Quizzes Today


Score Distribution

Your Account Isn't Verified!

In order to create a playlist on Sporcle, you need to verify the email address you used during registration. Go to your Sporcle Settings to finish the process.